A brief history

Đã lưu trong:
书目详细资料
格式: 图书
语言:Undetermined
出版: Washington National Science Foundation 1972
主题:
标签: 添加标签
没有标签, 成为第一个标记此记录!
Thư viện lưu trữ: Trung tâm Học liệu Trường Đại học Cần Thơ
LEADER 00426nam a2200157Ia 4500
001 CTU_98673
008 210402s9999 xx 000 0 und d
082 |a 507.2073 
082 |b B853 
245 2 |a A brief history 
260 |a Washington 
260 |b National Science Foundation 
260 |c 1972 
650 |a National science foundation (U.S.) 
904 |i Truc 
980 |a Trung tâm Học liệu Trường Đại học Cần Thơ